000 00391nam a2200169Ia 4500
005 20250423094841.0
008 250422s9999 xx 000 0 und d
020 _a0830632794
050 _aTK 7887 .M36/
100 _aMargolis, Art
245 0 _aComputer technician`s handbook
250 _a3rd ed.
260 _aUnited States
260 _bTab Books
260 _c1971
942 _cBK
999 _c28487
_d28487